000 00329nam a22001337a 4500
008 250524b |||||||| |||| 00| 0 eng d
020 _a0582089689
050 _aTH425
_b.T87
100 _aTurner, Dennis F.
245 _aDesign and build contract
260 _aEngland
_bPearson education
300 _axi, 328
_bill.
942 _cBK
999 _c3659
_d3659